000 00186nam a2200085 4500
001 1231378
005 20250918110445.0
245 _aKIRMIZI ARABANIN HAYALETİ
_cAYTÜL AKAL
260 _bTUDEM
999 _c1231378
_d1231378